Giáo dục môi trường

Na minha lista:
Detalhes bibliográficos
Autor principal: Nguyễn, Kim Hồng
Formato: Livro
Idioma:Undetermined
Publicado em: Hà Nội Giáo Dục 2002
Assuntos:
Tags: Adicionar Tag
Sem tags, seja o primeiro a adicionar uma tag!
Thư viện lưu trữ: Trung tâm Học liệu Trường Đại học Cần Thơ
LEADER 00656nam a2200193Ia 4500
001 CTU_47993
008 210402s9999 xx 000 0 und d
082 |a 363.7 
082 |b H455 
100 |a Nguyễn, Kim Hồng 
245 0 |a Giáo dục môi trường 
245 0 |c Nguyễn Kim Hồng 
260 |a Hà Nội 
260 |b Giáo Dục 
260 |c 2002 
526 |a Giáo dục môi trường qua giảng dạy Hóa học,Giáo dục trải nghiệm 
526 |b SP395,SG456 
650 |a ecology, human,nature and nurture,pollution - environmental aspects 
980 |a Trung tâm Học liệu Trường Đại học Cần Thơ